| 000 | 00994pam a2200289 a 4500 | ||
|---|---|---|---|
| 001 | 2158 | ||
| 005 | 20231107160528.0 | ||
| 020 |
_a9780516020684 _q(lib. bdg.) |
||
| 040 |
_aDLC _cDLC _dDLC _beng |
||
| 050 | 0 | 0 |
_aPE1119 _b.K77 1985 |
| 082 | 0 | 0 |
_a428.6 _219 |
| 100 | 1 |
_aKowalczyk, Carolyn _eauthor |
|
| 245 | 1 | 0 |
_aPurple is part of a rainbow / _cby Carolyn Kowalczyk ; illustrations by Gene Sharp. |
| 260 |
_aChicago : _bChildrens Press, _c1985 |
||
| 300 |
_a29 pages : _billustrations _c19 cm |
||
| 490 | 1 | _aA Rookie reader | |
| 505 | _aD | ||
| 520 | _aIntroduces vocabulary and the concept of parts of a whole with examples such as a petal on a flower and a whisker on a kitty. | ||
| 521 |
_a190 _bLexile |
||
| 521 |
_aD _bRaz-Plus |
||
| 650 | 0 | _aReaders (Primary) | |
| 650 | 0 |
_aWhole and parts (Psychology) _xJuvenile literature. |
|
| 650 | 1 | _aVocabulary. | |
| 700 | 1 |
_aSharp, Gene _d1923-2002 _eillustrator |
|
| 906 |
_a7 _bcbc _corignew _d1 _eocip _f19 _gy-gencatlg |
||
| 942 |
_2ddc _cBK _n0 |
||
| 999 |
_c2158 _d2158 |
||